书目信息 |
| 题名: |
江苏
|
|
| 作者: | 石竹 , 石楠 编著 ;刘思敏 摄影 | |
| 分册: | ||
| 出版信息: | 北京 旅游教育出版社 2002.01 |
|
| 页数: | 13, 268页 | |
| 开本: | 21cm | |
| 丛书名: | 华夏之旅 | |
| 单 册: | ||
| 中图分类: | K928.953 | |
| 科图分类: | ||
| 主题词: | 旅游指南--lu you zhi nan--江苏省 | |
| 电子资源: | ||
| ISBN: | 7-5637-0981-9 | |
| 000 | 00982nam 2200301 450 | |
| 001 | 012008218653 | |
| 005 | 20080318153748.68 | |
| 010 | @a7-5637-0981-9@dCNY25.50 | |
| 100 | @a20080318d2002 km y0chiy0120 ea | |
| 101 | 0 | @achi |
| 102 | @aCN@b110000 | |
| 105 | @aab z 000yy | |
| 106 | @ar | |
| 200 | 1 | @a江苏@AJiang Su@f石竹, 石楠编著@Fshi zhu,shi nan bian zhu |
| 210 | @a北京@c旅游教育出版社@d2002.01 | |
| 215 | @a13, 268页@c彩图, 地图@d21cm | |
| 225 | 2 | @a华夏之旅@Ahua xia zhi lu |
| 314 | @a本书摄影刘思敏等 | |
| 330 | @a本书介绍了江苏的概况,介绍了南京、苏州、扬州、无锡、徐州、常州、南通等地方概况、主要旅游景点、旅游服务等。 | |
| 410 | 0 | @12001 @a华夏之旅 |
| 606 | 0 | @a旅游指南@Alu you zhi nan@y江苏省 |
| 607 | @a江苏省@Ajiang su sheng@j旅游指南 | |
| 690 | @aK928.953@v4 | |
| 701 | 0 | @a石竹@Ashi zhu@4编著 |
| 701 | 0 | @a石楠@Ashi nan@4编著 |
| 702 | 0 | @a刘思敏@Aliu si min@4摄影 |
| 801 | 0 | @aCN@bQSSK@c20080318 |
| 905 | @b20286830-32@dK928.953@eS559@f3 | |
| 江苏/石竹, 石楠编著.-北京:旅游教育出版社,2002.01 |
| 13, 268页:彩图, 地图;21cm.-(华夏之旅) |
| ISBN 7-5637-0981-9:CNY25.50 |
| 本书介绍了江苏的概况,介绍了南京、苏州、扬州、无锡、徐州、常州、南通等地方概况、主要旅游景点、旅游服务等。 |
| ● |
| 相关链接 |
|
|
|
正题名:江苏
索取号:K928.953/S559
 
预约/预借
| 序号 | 登录号 | 条形码 | 馆藏地/架位号 | 状态 | 备注 |
| 1 | 286830 | 202868307 | 社科库309/309社科库 23排2列2层/ [索取号:K928.953/S559] | 在馆 | |
| 2 | 286831 | 202868316 | 社科库309/309社科库 23排2列2层/ [索取号:K928.953/S559] | 在馆 | |
| 3 | 286832 | 202868325 | 社科库309/309社科库 23排2列2层/ [索取号:K928.953/S559] | 在馆 |